Most Populous Subdivisions of Countries - Statistics

General Stats
  • This quiz has been taken 427 times
  • The average score is 53 of 120
Answer Stats
Population Country Subdivision % Correct
37,253,956 United States California
88%
25,145,561 United States Texas
85%
19,378,102 United States New York
84%
18,801,310 United States Florida
80%
44,396,484 Brazil São Paulo
77%
51,446,600 United Kingdom England
76%
16,550,024 Brazil Rio de Janeiro
75%
215,609,813 India Uttar Pradesh
74%
47,424,418 Bangladesh Dhaka
72%
16,187,608 Mexico Mexico
72%
8,859,244 Mexico Mexico City
72%
23,019,148 China Shanghai
71%
13,010,279 Japan Tokyo
71%
100,590,000 Pakistan Punjab
70%
27,704,236 India Punjab
70%
19,612,368 China Beijing
69%
12,510,331 Germany Bavaria
67%
12,830,632 United States Illinois
67%
12,702,379 United States Pennsylvania
67%
104,303,132 China Guangdong
66%
11,536,504 United States Ohio
65%
16,753,235 India Delhi
62%
9,687,653 United States Georgia
62%
25,087,059 Nigeria Lagos
61%
9,989,795 South Korea Seoul
60%
16,748,205 Kingdom of the Netherlands Netherlands
59%
11,503,501 Russia Moscow
58%
13,210,600 Canada Ontario
58%
15,594,428 Argentina Buenos Aires
57%
10,187,595 Indonesia Jakarta
57%
9,883,640 United States Michigan
57%
77,881,463 India Tamil Nadu
57%
14,657,434 Turkey Istanbul
56%
94,347,736 India West Bengal
56%
8,864,228 Japan Osaka
55%
14,795,116 Iran Tehran
55%
28,423,019 Bangladesh Chittagong
54%
9,535,483 United States North Carolina
54%
60,383,628 India Gujarat
53%
8,671,518 China Hainan
53%
17,872,863 Germany North Rhine-Westphalia
53%
10,230,350 Egypt Cairo
52%
11,125,000 Democratic Republic of the Congo Kinshasa
51%
46,029,668 Indonesia West Java
51%
24,706,321 China Inner Mongolia
49%
12,877,253 Philippines Metro Manila
49%
12,938,224 China Tianjin
49%
9,752,000 Peru Lima
48%
121,362,092 India Maharashtra
48%
80,418,200 China Sichuan
48%
38,529,481 Indonesia East Java
47%
11,694,000 France Île-de-France
47%
33,387,677 India Kerala
47%
71,854,202 China Hebei
46%
9,756,985 Iraq Baghdad
44%
8,224,400 Vietnam Ho Chi Minh
44%
12,548,926 India Jammu and Kashmir
44%
57,237,740 China Hubei
43%
9,656,985 Nepal Central
42%
28,846,170 China Chongqing
42%
74,791,568 India Rajasthan
42%
94,023,567 China Henan
41%
65,683,722 China Hunan
41%
8,791,894 United States New Jersey
41%
95,793,065 China Shandong
41%
21,813,334 China Xinjiang
41%
31,169,272 India Assam
40%
116,725,698 India Bihar
40%
8,854,722 Colombia Bogotá
40%
55,288,650 Pakistan Sindh
40%
14,234,790 Pakistan Balochistan
39%
36,894,216 China Fujian
39%
10,006,710 Italy Lombardy
39%
35,712,111 China Shanxi
39%
32,380,687 Indonesia Central Java
38%
13,381,682 Nigeria Kano
38%
78,492,606 India Madhya Pradesh
38%
10,747,479 Germany Baden-Württemberg
37%
66,076,021 India Karnataka
37%
45,966,239 China Yunnan
37%
8,424,102 Spain Andalusia
36%
20,869,101 Brazil Minas Gerais
36%
37,327,378 China Shaanxi
36%
49,665,533 India Andhra Pradesh
35%
38,312,224 China Heilongjiang
35%
15,203,934 Brazil Bahia
34%
78,659,903 China Jiangsu
34%
59,500,510 China Anhui
33%
46,026,629 China Guangxi
33%
41,947,358 India Odisha
32%
25,575,254 China Gansu
31%
27,462,297 China Jilin
31%
43,746,323 China Liaoning
31%
35,193,978 India Telangana
31%
54,426,891 China Zhejiang
30%
34,746,468 China Guizhou
29%
25,353,081 India Haryana
29%
11,164,050 Brazil Rio Grande do Sul
28%
44,567,475 China Jiangxi
27%
10,997,462 Brazil Paraná
27%
12,728,400 South Africa Gauteng
25%
27,158,471 Ethiopia Oromia
25%
10,116,752 India Uttarakhand
24%
24,000,200 Ethiopia Amhara
23%
32,966,238 India Jharkhand
23%
12,985,075 Indonesia North Sumatra
22%
25,540,196 India Chhattisgarh
16%
10,456,900 South Africa KwaZulu-Natal
16%
15,563,000 Bangladesh Khulna
15%
9,208,511 Brazil Pernambuco
15%
9,807,000 Bangladesh Sylhet
14%
18,329,000 Bangladesh Rajshahi
13%
32,863,761 Pakistan Khyber Pakhtunkhwa
12%
8,778,575 Brazil Ceará
11%
12,578,597 South Korea Gyeonggi
10%
15,665,000 Bangladesh Rangpur
10%
9,029,996 Japan Kanagawa
9%
10,644,030 Indonesia Banten
7%
10,006,805 Kenya Rift Valley
3%
15,042,531 Ethiopia SNNPR
3%
No matching quizzes found
Score Distribution
Percent of People with Each Score
Percentile by Number Answered
Your Score History
You have not taken this quiz